Switzerland Cities Map Quiz - Statistics

General Stats
  • This quiz has been taken 2,129 times
  • The average score is 8 of 10
Answers on the Map
Answers color-coded by a green-red scale on the quiz's map according to % correct below.
 
Answer Stats
Answer % Correct
Geneva
92%
Basel
86%
Bern
84%
Zürich
83%
Lugano
82%
Lausanne
78%
Schaffhausen
68%
St. Gallen
68%
Lucerne
64%
Neuchâtel
64%
No matching quizzes found
Score Distribution
Percent of People with Each Score
Percentile by Number Answered
Your Score History
You have not taken this quiz